000 00620nam#a2200205#c#4500
999 _c108512
_d108512
003 IEF
005 20250221193122.0
007 ta
008 941205s1939 sp fr | 0||u|spa|u
040 _aES-MaIEF
_bspa
_cES-MaIEF
245 0 _aLegislación española
_b1 febrero 1931 - 1 abril 1939
_c recopilación de Luis Gabilán Plá y Wenceslao D. Alcahud
260 _aSan Sebastián
_bLib. Internacional
_c1939
300 _a148 p.
_c26 cm
650 4 _941092
_aESPAÑA
650 4 _947615
_aLEGISLACION
700 1 _aGabilan Pla, Luis
_916863
700 1 _aAlcahud, Wenceslao D.
_9332
942 _cLIB